Top 50 developers 2010 (Record no. 82462)
[ view plain ]
| 000 -LEADER | |
|---|---|
| fixed length control field | 00966cam a22002175a 4500 |
| 001 - CONTROL NUMBER | |
| control field | L150325 |
| 008 - FIXED-LENGTH DATA ELEMENTS--GENERAL INFORMATION | |
| fixed length control field | 100629e2010 xxk 000 0 eng d |
| 035 ## - SYSTEM CONTROL NUMBER | |
| System control number | (Sirsi) u150325 |
| 041 0# - LANGUAGE CODE | |
| Language code of text/sound track or separate title | eng |
| 100 1# - MAIN ENTRY--PERSONAL NAME | |
| Personal name | Bazlinton, Chris |
| 245 00 - TITLE STATEMENT | |
| Title | Top 50 developers 2010 |
| Medium | [electronic resource] |
| 260 ## - PUBLICATION, DISTRIBUTION, ETC. | |
| Date of publication, distribution, etc. | 2010 |
| 490 ## - SERIES STATEMENT | |
| Series statement | Inside Housing |
| Volume/sequential designation | 25 June 2010, 36-40(5) |
| 520 ## - SUMMARY, ETC. | |
| Summary, etc. | Annual survey of the top 50 developing housing associations; includes list of top 50 developers with rankings 2009 and 2010, names of housing associations and their developments by number of units in 2009 and 2010, and NAHP allocations. |
| 590 ## - LOCAL NOTE (RLIN) | |
| Local note | KA |
| 651 #4 - SUBJECT ADDED ENTRY--GEOGRAPHIC NAME | |
| Geographic name | England |
| Chronological subdivision | 886- |
| 690 ## - LOCAL SUBJECT ADDED ENTRY--TOPICAL TERM (OCLC, RLIN) | |
| Topical term or geographic name as entry element | PROPERTY-RESIDENTIAL PROPERTY-DOMESTIC RESIDENTIAL PROPERTY-HOUSING |
| 690 ## - LOCAL SUBJECT ADDED ENTRY--TOPICAL TERM (OCLC, RLIN) | |
| Topical term or geographic name as entry element | BUILT ENVIRONMENT-CONSTRUCTION |
| 856 48 - ELECTRONIC LOCATION AND ACCESS | |
| Uniform Resource Identifier | <a href="https://www.insidehousing.co.uk/analysis/in-depth/top-50-developers-2010/6510457.article">https://www.insidehousing.co.uk/analysis/in-depth/top-50-developers-2010/6510457.article</a> |
| Public note | View this item free of charge at www.insidehousing.co.uk |
| 942 ## - ADDED ENTRY ELEMENTS (KOHA) | |
| Suppress in OPAC | 0 |
| Withdrawn status | Lost status | Source of classification or shelving scheme | Damaged status | Not for loan | Home library | Current library | Shelving location | Date acquired | Total Checkouts | Full call number | Barcode | Date last seen | Copy number | Price effective from | Koha item type |
|---|---|---|---|---|---|---|---|---|---|---|---|---|---|---|---|
| Dewey Decimal Classification | Virtual | Virtual | Online | 29/06/2010 | L150325 | 150325-2001 | 06/08/2019 | 1 | 06/08/2019 | Journal article |